| 000 | 00468nam a22001817a 4500 | ||
|---|---|---|---|
| 005 | 20250326120808.0 | ||
| 008 | 250326b |||||||| |||| 00| 0 eng d | ||
| 020 |
_a9788177083095 _c2285.00 |
||
| 040 | _aMAIN | ||
| 041 | _aEnglish | ||
| 082 |
_a338.0954 _bMAN |
||
| 100 |
_aMani, N. _93920 |
||
| 245 | _aInfrastructure development and financing in India | ||
| 260 |
_aNew Delhi _bNew Century _c2012 |
||
| 300 | _a590 | ||
| 650 |
_aUrban Study _925322 |
||
| 942 | _cBK | ||
| 999 |
_c59532 _d59532 |
||